| 000 | 01162nam a22002777a 4500 | ||
|---|---|---|---|
| 001 | 9157 | ||
| 003 | FISKH | ||
| 005 | 20251126093148.0 | ||
| 008 | 251126b cb ||||| |||| 00| 0 eng d | ||
| 020 | _a9780194790864 | ||
| 040 |
_aFISKH _beng _cFISKH _dFISKH |
||
| 050 | _aPE1126.A4 D34 | ||
| 082 | _a428.6 | ||
| 100 |
_aDainty, Peter _eAuthor |
||
| 245 |
_aThe love of a king / _cPeter Dainty |
||
| 260 |
_aOxford : _bOxford University Press , _c1989 |
||
| 300 |
_a56 pages : _billustrations ; _c20 cm |
||
| 490 | _aOxford Bookworms | ||
| 505 | _aJ | ||
| 520 | _aAll he wanted to do was to marry the woman he loved. But his country said 'No!' He was Edward VIII, King of Great Britain, King of India, King of Australia, and King of thirty-nine other countries. And he loved the wrong woman. She was beautiful and she loved him - but she was already married to another man. It was a love story that shook the world. The King had to choose: to be King, or to have love . . . and leave his country, never to return. | ||
| 521 | 8 |
_a480
_bLexile |
|
| 521 | 8 |
_aJ
_bRaz-Plus |
|
| 650 |
_aLove story _vElementary |
||
| 942 |
_2ddc _cBK _n0 |
||
| 999 |
_c9157 _d9157 |
||